000
00306nam a22001337a 4500
005
20251108175430.0
008
250721s1994 xx 000 0 ara d
082
1
4
_a
R/551.05/NAT
245
1
0
_a
national geographic macaws /
264
_c
1994.
650
1
7
_a
EARTH
942
_2
ddc
_c
REF
999
_c
133950
_d
133950